EA FC26 All Gold Croatia Players - Statistics

General Stats
  • This quiz has been taken 36 times
  • The average score is 12 of 24
Answer Stats
Rate Club Answer % Correct
84 Man City Josko Gvardiol
100%
83 Man City Mateo Kovacic
100%
81 Al Nassr Marcelo Brozovic
92%
81 Hoffenheim Andrej Kramaric
88%
83 Milan Luka Modric
88%
81 PSV Ivan Perisic
75%
82 Osasuna Ante Budimir
71%
78 Bayern Josip Stanisic
63%
78 Wolfsburg Lovro Majer
58%
80 Atalanta Mario Pasalic
58%
80 Girona Dominik Livakovic
54%
78 Ajax Josip Sutalo
46%
79 Torino Nikola Vlasic
42%
75 Union Berlin Josip Juranovic
38%
78 Como Martin Baturina
38%
76 Kocaelispor Bruno Petkovic
29%
75 Real Oviedo Josip Brekalo
29%
78 Real Sociedad Luka Susic
21%
79 Hajduk Split Marko Livaja
21%
76 FC Dallas Petar Musa
21%
76 Augsburg Kristijan Jakic
17%
75 Bologna Nikola Moro
17%
77 Copenhagen Dominik Kotarski
13%
75 Benfica Franjo Ivanovic
13%
No matching quizzes found
Score Distribution
Percent of People with Each Score
Percentile by Number Answered
Your Score History
You have not taken this quiz